000 00376 a2200169 4500
001 189836
020 _a978-85-62549-39-7
040 _cMagnum
100 _aFernandes, Susana Maria
240 1 0 _aQue vida eu quero ter?
_lpor
245 1 0 _aQue vida eu quero ter?
300 _a32
362 0 _a2012
440 1 _aAbacatte
697 _aLITERATURA INFANTIL
942 _cBK
999 _c189836
_d189836